00380nam a2200097Ia 4500008004100000245008500041245004900126260000900175650004700184856005100231171204s9999 xx 000 0 und d aLeaders and Innovators: How Data-Driven Organizations Are Winning with Analytics cBill Franks, James Taylor, and Tho H. Nguyen c2016 xHUMAN BEHAVIOR IN ORGANIZATION WITH ETHICS uhttp://down.ebook777.com/052/9781119232575.pdf